<?xml version="1.0" encoding="UTF-8"?>
<collection xmlns="http://www.loc.gov/MARC21/slim">
 <record>
  <leader>00875cam a2200169 7i4500</leader>
  <controlfield tag="001">0000136030</controlfield>
  <controlfield tag="005">20100217090000.0</controlfield>
  <controlfield tag="002">  0000001096</controlfield>
  <datafield tag="090" ind1="0" ind2="0">
   <subfield code="a">LP 33 FST 1 2002 </subfield>
  </datafield>
  <datafield tag="100" ind1="0" ind2="#">
   <subfield code="a">Nor Zafreena Muzali Mohd Zawawi@Mohd Zayai </subfield>
  </datafield>
  <datafield tag="235" ind1="0" ind2="0">
   <subfield code="a">Kesan pemberian makanan campuran terhadap tumbesaran dan kemandirian larva ikan Baung, Mystus nemurus </subfield>
   <subfield code="c">Nor Zafreena Muzali Mohd Zawawi@Mohd Zayai.</subfield>
  </datafield>
  <datafield tag="245" ind1="0" ind2="0">
   <subfield code="a">Laporan Projek FST (Ijazah Bacelor Sains Perikanan)2002.</subfield>
  </datafield>
  <datafield tag="260" ind1="#" ind2="#">
   <subfield code="a">Terengganu: </subfield>
   <subfield code="b">Universiti Putra Malaysia Terengganu, </subfield>
   <subfield code="c">2002.</subfield>
  </datafield>
  <datafield tag="300" ind1=" " ind2=" ">
   <subfield code="a">x,69 p.: </subfield>
   <subfield code="b">ill.; </subfield>
   <subfield code="c">30 cm..</subfield>
  </datafield>
  <datafield tag="502" ind1="#" ind2="#">
   <subfield code="a">Kajian yang telah dijalankan ini bertujuan untuk menentukan kesan pemberian makanan campuran {(artemia + nestum) dan (artemia + roti)},makanan rumusan {(nestum) dan (roti)} serta makanan hidup...[et al.]</subfield>
  </datafield>
  <datafield tag="602" ind1="#" ind2="#">
   <subfield code="a">Laporan Projek FST 2002</subfield>
  </datafield>
  <datafield tag="999" ind1=" " ind2=" ">
   <subfield code="a">1100024384</subfield>
   <subfield code="b">Book</subfield>
   <subfield code="c">LAPORAN PROJEK</subfield>
   <subfield code="e">BILIK ARKIB</subfield>
  </datafield>
 </record>
</collection>
